The principles of practical cost-benefit analysis (Registro nro. 6090)
[ vista simple ]
| 000 -LEADER | |
|---|---|
| fixed length control field | 00954 a2200217 4500 |
| 001 - CONTROL NUMBER | |
| control field | 57002 |
| 005 - DATE AND TIME OF LATEST TRANSACTION | |
| control field | 20260407155832.0 |
| 008 - FIXED-LENGTH DATA ELEMENTS--GENERAL INFORMATION | |
| fixed length control field | 260407a1978 arg spa d |
| 003 - CONTROL NUMBER IDENTIFIER | |
| control field | AR-UNSa-BCEJYS |
| 040 ## - CATALOGING SOURCE | |
| Original cataloging agency | AR-UNSa-BCEJYS |
| Language of cataloging | spa |
| Transcribing agency | AR-UNSa-BCEJYS |
| 080 ## - UNIVERSAL DECIMAL CLASSIFICATION NUMBER | |
| Universal Decimal Classification number | 657.474 |
| Common auxiliary subdivision | Tratamiento de los costos<br/> |
| 020 ## - INTERNATIONAL STANDARD BOOK NUMBER | |
| International Standard Book Number | 0-19-877041-3 |
| 100 1# - MAIN ENTRY--PERSONAL NAME | |
| Personal name | Sugden, Robert |
| 245 10 - TITLE STATEMENT | |
| Title | The principles of practical cost-benefit analysis |
| 264 #1 - PRODUCTION, PUBLICATION, DISTRIBUTION, MANUFACTURE, AND COPYRIGHT NOTICE | |
| Place of production, publication, distribution, manufacture | Oxford : |
| Name of producer, publisher, distributor, manufacturer | Oxford University Press |
| Date of production, publication, distribution, manufacture, or copyright notice | 1978 |
| 300 ## - PHYSICAL DESCRIPTION | |
| Extent | 275 p., |
| Dimensions | 23 cm. |
| 505 ## - FORMATTED CONTENTS NOTE | |
| Formatted contents note | 1. Some difficulties in the existing theory of externalities - 2. Coase and all that - 3. More on why government? - 4. The poor - 5. The legacy of Bismarck - 6. Some biological problems - 7. The rich - 8. A survey of the existing system - 9. Rent seeking - 10. War - 11. Monarchies and dictatorships - 12. What, if anything, should we do? |
| 590 ## - LOCAL NOTE (RLIN) | |
| Local note | niveau_biblio:m niveau_hierar:0 |
| 700 1# - ADDED ENTRY--PERSONAL NAME | |
| Personal name | Williams, Alan |
| 942 ## - ADDED ENTRY ELEMENTS (KOHA) | |
| Koha item type | |
| Withdrawn status | Lost status | Damaged status | Not for loan | Home library | Current library | Shelving location | Date acquired | Total checkouts | Full call number | Barcode | Date last seen | Price effective from | Koha item type |
|---|---|---|---|---|---|---|---|---|---|---|---|---|---|
| Biblioteca Prof. Eusebio Cleto del Rey | Biblioteca Prof. Eusebio Cleto del Rey | 07/04/2026 | 657.474 S947 | L128642 | 07/04/2026 | 07/04/2026 | Libro |